| 000 | 01010nam0a22002531 4500 | ||
|---|---|---|---|
| 001 | rc\1159595 | ||
| 005 | 20260407054325.0 | ||
| 035 | _a(NLR Aleph) 006404070 | ||
| 090 |
_a5276626 _c5276626 |
||
| 100 | _a20041129d1980 |||y0rusy50 ca | ||
| 101 | 0 | _arus | |
| 102 | _aRU | ||
| 105 | _ay ||||||||| | ||
| 200 | 1 |
_aПровода микрофонные с полиэтиленовой изоляцией, экранированные в поливинилхлоридной оболочке _eКаталог _fИзготовитель: уфим. каб. з-д "Уфимкабель" |
|
| 210 |
_aМ. _cИнформэлектро _d1980 |
||
| 215 |
_a[2] с. _d29 |
||
| 225 | 1 |
_aИнформэлектро _v19.45.04-80 _iЭлектротехника СССР |
|
| 300 | _aБез тит. л. и обл. | ||
| 712 | 0 | 2 |
_a"Уфимкабель", завод _3RU\NLR\AUTH\8810024525 _9547274 |
| 801 | 0 |
_aRU _bNLR _gpsbo |
|
| 801 | 1 |
_aRU _bELAR _2rusmarc |
|
| 852 |
_aNLR _bПт _j20/1-19.45.04-80 |
||
| 942 | _cBOOK | ||
| 980 | _aNB | ||